000 01559nam a22003737a 4500
003 CHAP
005 20220329143118.0
008 060428d2004 it d r 00110 spa d
010 _a92094
011 _a93066
020 _a9295016068
035 _a103637
040 _cCHAP
082 0 4 _a338.9
_bG53Y 2003
111 2 _aForo Glabal de Investigación Agropecuaria
_n(2 :
_d2003 :
_cDakar, Senegal)
_942449
245 1 0 _aVinculando la investigación agrícola con la innovación rural en pro del desarrollo sostenible:
_bactas de la conferencia del GFAR 2003
_c/por Centro Técnico de Cooperación Agrícola y Rural
260 _aRome, Italy :
_bCentro Técnico de Cooperación Agrícola y Rural,
_c2004
300 _a219 p. :
_bgráfs. ; cuadros
590 _aBATCH-UPD
_b10
_c20130110
_lUCH01
_h0804
590 _aBATCH-UPD
_b10
_c20130410
_lUCH01
_h0442
590 _aBATCH-UPD
_b10
_c20130914
_lUCH01
_h1158
590 _aBATCH-UPD
_b10
_c20140805
_lUCH01
_h1148
590 _aCONVERSION
_b10
_c20130109
_lUCH01
_h1351
650 1 4 _aAgricultura
_xInvestigación.
_91577
650 1 4 _aDesarrollo rural
_xCongresos.
_932070
650 1 4 _aDesarrollo sustentable
_xCongresos.
_932085
650 1 4 _aSilvicultura sustentable.
_9106136
901 _aBK
905 _aMarco A. Mendoza T.
942 _cLIBRO
949 _a338.9 G53Y 2003
_bBC
_cLIBRO
_d33724000999116
_eLIBRO
_h107975
_i103637
_sb
949 _a338.9 G53Y 2003
_bBC
_cLIBRO
_d33724000999124
_eLIBRO
_fc.2
_h107976
_i103637
_sb
949 _a338.9 G53Y 2003
_bBC
_cLIBRO
_d33724000999132
_eLIBRO
_fc.3
_h107977
_i103637
_sb
999 _c92094
_d92094